00330pab a2200121 454500008004000000100002000040245005500060260000900115300001100124362001200135650001400147773004700161180718b2014 xxu||||| |||| 00| 0 eng d aKar, Ajit Kumar aCompetitive advantage through employee empowerment c2014 ap.1-6. aJan-Mar aEmployees aIndian Journal of Training and Development